Historia de la vida del Buscón

Guardado en:
Detalles Bibliográficos
Autor principal: Quevedo, Francisco de (Autor)
Formato: Libro
Lenguaje:español
Publicado: Madrid Espasa-Calpe 1979
Edición:2a. ed
Colección:SA Clásicos, 24
Materias:
Etiquetas: Agregar Etiqueta
Sin Etiquetas, Sea el primero en etiquetar este registro!

MARC

LEADER 00000nam a2200000 a 4500
001 UCR3467
003 CL-VaPUC
008 980124e19790000SP |||||||||||||||||spa|d
082 0 4 |a 863  |b QUE  |2 21 
100 0 |a Quevedo, Francisco de  |e author  |9 254892 
245 1 0 |a Historia de la vida del Buscón 
250 |a 2a. ed 
300 |a 189 p 
942 |c BK 
945 |d 19980124 00:00:00  |a aolguin 
260 |a Madrid  |b Espasa-Calpe  |c 1979 
650 0 |a Sátiras españolas  |9 267790 
650 0 |a Novelas españolas  |9 265052 
650 0 |a Literatura española  |9 306261 
583 |a last modification  |c 19980124 00:00:00  |k Rodrigo Vera 
490 0 |a SA Clásicos, 24 
999 |c 266535  |d 266533 
952 |0 0  |1 0  |4 0  |6 863_000000000000000_QUE_1979  |7 0  |8 R  |9 298234  |a BIBEDU  |b BIBEDU  |c MCIRC  |d 2019-11-20  |i 1942832  |o 863 QUE 1979  |p 1942832  |r 2023-01-13  |w 2019-11-20  |y BK_R  |k LIT